Most Populous Cities in the U.S. - 1910 Census - Statistics

General Stats
  • This quiz has been taken 22 times
  • The average score is 73 of 100
Answer Stats
Answer State Population % Correct
Baltimore MD 558,485
100%
Boston MA 670,585
100%
Chicago IL 2,185,283
100%
Cleveland OH 560,663
100%
Detroit MI 465,766
100%
Los Angeles CA 319,198
100%
New Orleans LA 339,075
100%
New York City NY 4,766,883
100%
Philadelphia PA 1,549,008
100%
Pittsburgh PA 533,905
100%
San Francisco CA 416,912
100%
St. Louis MO 687,029
100%
Washington DC 331,069
100%
Atlanta GA 154,839
92%
Buffalo NY 423,715
92%
Columbus OH 181,511
92%
Dallas TX 92,104
92%
Houston TX 78,800
92%
Indianapolis IN 233,650
92%
Kansas City MO 248,381
92%
Kansas City KS 82,331
92%
Memphis TN 131,105
92%
Milwaukee WI 373,857
92%
Nashville TN 110,364
92%
Newark NJ 347,469
92%
Portland OR 207,214
92%
Portland ME 58,571
92%
Richmond VA 127,628
92%
Salt Lake City UT 92,777
92%
Seattle WA 237,194
92%
Springfield MA 88,926
92%
Albany NY 100,253
83%
Birmingham AL 132,685
83%
Bridgeport CT 102,054
83%
Cincinnati OH 363,591
83%
Dayton OH 116,577
83%
Denver CO 213,381
83%
Des Moines IA 86,368
83%
Jersey City NJ 267,779
83%
Louisville KY 223,928
83%
Minneapolis MN 301,408
83%
Oklahoma City OK 64,205
83%
Omaha NE 124,096
83%
Rochester NY 218,149
83%
San Antonio TX 96,614
83%
Spokane WA 104,402
83%
St. Paul MN 214,744
83%
Syracuse NY 137,249
83%
Tacoma WA 83,743
83%
Toledo OH 168,497
83%
Akron OH 69,067
75%
Camden NJ 94,538
75%
Hartford CT 98,915
75%
Lowell MA 106,294
75%
New Haven CT 133,605
75%
Oakland CA 150,174
75%
Providence RI 224,326
75%
Savannah GA 65,064
75%
Scranton PA 129,867
75%
Trenton NJ 96,815
75%
Wilmington DE 87,411
75%
Worcester MA 145,986
75%
Youngstown OH 79,066
75%
Cambridge MA 104,839
67%
Charleston SC 58,833
67%
Erie PA 66,525
67%
Fort Wayne IN 63,933
67%
Grand Rapids MI 112,571
67%
Harrisburg PA 64,186
67%
Norfolk VA 67,452
67%
Paterson NJ 125,600
67%
Reading PA 96,071
67%
Yonkers NY 79,803
67%
Duluth MN 78,466
58%
Elizabeth NJ 73,409
58%
Evansville IN 69,647
58%
Lynn MA 89,336
58%
Utica NY 74,419
58%
Fall River MA 119,295
50%
Fort Worth TX 73,312
50%
Jacksonville FL 57,699
50%
New Bedford MA 96,652
50%
Peoria IL 66,950
50%
Troy NY 76,813
50%
Waterbury CT 73,141
50%
Brockton MA 56,878
42%
Hoboken NJ 70,324
42%
Manchester NH 70,063
42%
South Bend IN 53,684
42%
St. Joseph MO 77,403
42%
Wilkes-Barre PA 67,105
42%
Bayonne NJ 55,545
33%
Lawrence MA 85,892
33%
Passaic NJ 54,773
33%
Schenectady NY 72,826
33%
East St. Louis IL 58,547
25%
Somerville MA 77,236
25%
Johnstown PA 55,482
17%
Terre Haute IN 58,157
17%
Holyoke MA 57,730
8%
No matching quizzes found
Score Distribution
Percent of People with Each Score
Percentile by Number Answered
Your Score History
You have not taken this quiz